000 01349nam0a22002891 4500
001 rc\4715001
005 20260407135047.0
021 _aRU
_b[68-101894]
035 _a(NLR Aleph) 008726544
090 _a9450751
_c9450751
100 _a20130416d1968 |||y0rusy50 ca
101 0 _arus
102 _aRU
105 _ay z |||||
200 1 _aПсихотерапия алкоголизма
_eМетод. письмо
_fСост. Г.В. Зеневичем и С.С. Либихом
_gПод ред. А.Е. Личко
_gМ-во здравоохранения РСФСР. Ленингр. науч.-исслед. психоневрол. ин-т им. В.М. Бехтерева
210 _aЛенинград
_c[Наука, Ленингр. отд-ние]
_d1968
215 _a38 с.
_d21
606 _aАлкоголизм
_xЛечение внушением
_2psbo
702 1 _aЛибих
_bС.С.
_4220
702 1 _aЛичко
_bА.Е.
_4340
702 1 _aЗеневич
_bГ.В.
_gГеоргий Викторович
_4220
712 0 2 _aЛенинградский научно-исследовательский психоневрологический институт им. В. М. Бехтерева
_3RU\NLR\AUTH\8810003580
_9504440
801 0 _aRU
_bNLR
_gpsbo
801 1 _aRU
_bELAR
_2rusmarc
852 _aNLR
_j69-6/1064
942 _cBOOK
980 _aNB